All 88 Constellations - Statistics

General Stats
  • This quiz has been taken 84 times
  • The average score is 58 of 88
Answer Stats
Hint Answer % Correct
The hunter Orion
94%
The great bear Ursa Major
94%
The lesser bear Ursa Minor
94%
The crab Cancer
91%
The twins Gemini
91%
Hercules Hercules
91%
The lion Leo
91%
The water bearer Aquarius
88%
The ram Aries
88%
The winged horse Pegasus
88%
The bull Taurus
88%
The scorpion Scorpius
85%
The chained maiden Andromeda
82%
The swan Cygnus
82%
The fishes Pisces
82%
The great dog Canis Major
79%
The lesser dog Canis Minor
79%
The scales Libra
79%
The arrow Sagitta
79%
The virgin maiden Virgo
79%
The sea goat Capricornus
76%
The centaur Centaurus
76%
The lesser lion Leo Minor
76%
The lynx Lynx
76%
The archer Sagittarius
76%
The triangle Triangulum
76%
The eagle Aquila
74%
The southern cross Crux
74%
The dragon Draco
74%
The herdsman Bootes
71%
The king Cepheus
71%
The female water snake Hydra
71%
The phoenix Phoenix
71%
The altar Ara
68%
The seated queen Cassiopeia
68%
The northern crown Corona Borealis
68%
the lyre Lyra
68%
The hero Perseus
68%
The southern crown Corona Australis
65%
The crow Corvus
65%
The hare Lepus
65%
The microscope Microscopium
65%
The serpent bearer Ophiuchus
65%
The sculptor's studio Sculptor
65%
The keel of the Argonauts' ship Carina
62%
The cup Crater
62%
The dolphin Delphinus
62%
The wolf Lupus
62%
The telescope Telescopium
62%
The charioteer Auriga
59%
The hunting dogs Canes Venatici
59%
The sea monster Cetus
59%
The chameleon Chamaeleon
59%
Berenice's hair Coma Berenices
59%
The river Eridanus
59%
The male water snake Hydrus
59%
The fly Musca
59%
The shield Scutum
59%
The serpent Serpens
59%
The southern triangle Triangulum Australe
59%
The sail of the Argonauts' ship Vela
59%
The air pump Antlia
56%
The bird of paradise Apus
56%
The giraffe Camelopardalis
56%
The furnace Fornax
56%
The Indian Indus
56%
The lizard Lacerta
56%
The unicorn Monoceros
56%
The octant Octans
56%
The peacock Pavo
56%
The stern of the Argonauts' ship Puppis
56%
The sextant Sextans
56%
The toucan Tucana
56%
The fox Vulpecula
56%
The little horse Equuleus
53%
The painter's easel Pictor
53%
The compass on the Argonauts' ship Pyxis
53%
The reticle Reticulum
53%
The swordfish Dorado
50%
The table mountain Mensa
50%
The carpenter's square Norma
50%
The southern fish Piscis Austrinus
50%
The engraving tool Caelum
47%
The compass (mathematicians) Circinus
47%
The dove Columba
47%
The flying fish Volans
47%
The crane Grus
44%
The clock Horologium
44%
No matching quizzes found
Score Distribution
Percent of People with Each Score
Percentile by Number Answered
Your Score History
You have not taken this quiz